Регионална библиотека "Любен Каравелов" - Русе

Планът Холкрофт (Запис номер 14416)

MARC детайли
000 -Лидер
Контролно поле с фиксирана дължина 01407nam a2200349 c 4500
003 - Код на организацията, давaща контролен номер
Контролно поле BLK
005 - Дата и час на последна редакция
Контролно поле 20230405120004.0
008 - Елементи от данни с фиксирана дължина
fixed length control field 180412b bul|||||r ||||||| ||bul||
010 ## - Наследен системен номер
LC control number KNG00016127000
020 ## - Международен стандартен номер на книга ISBN
Международен стандартен номер на книга ISBN 954-8079-41-0
-- издат.: Прозорец
040 ## - Източник на каталожния запис
Идентификатор на билиотеката - собственик на записа BLK
041 ## - Код за език
Код за езика на текст/звукозапис или на отделно заглавие Български
Код за езика КДБФ Български
080 ## - УДК
Текстов определител УДК Американска литература (на САЩ)
УДК код - определител по УДК 821.111(73)
УДК определител -312.4
УДК - код + определител 821.111(73)-312.4
100 1# - Редна дума - Автор
Автор Лъдлъм, Робърт
Авторска отговорност първи автор
R(LIN) 241671
139 ## - Редно поле
Редна дума Лъдлъм, Робърт
Авторски знак Лъв - Л 93
245 10 - Сведения за заглавието
Заглавие Планът Холкрофт
Подзаглавни данни Роман
Редно поле (дума) Робърт Лъдлъм; прев. Людмила Харманджиева; прев. Таня Рангелова.
250 ## - Област на изданието
Сведения за изданието 2. изд.
257 ## - Страна на издаване
Страна на създаване/издаване Съединени американски щати
260 ## - Област на издателските данни
-- София
Име на издателя, разпространителя и проч. Прозорец
Година на издаване 1997
Печатница София : Балкан прес
300 ## - Физическа характеристика
Страници 480 с.
Размери/Мащаб 20 см
380 ## - Жанр
Жанр Худож. лит.
500 ## - Общи забележки
Забележка Ориг. загл. The Holcroft Covenant / Robert Ludlum. - 1. изд. 1993 на изд. Летера. - Офс. изд. - 4 000 тир.
653 ## - Ключова дума – ненормативна
Ключова дума трилъри
653 ## - Ключова дума – ненормативна
Ключова дума романи
700 1# - Други автори (авторска отговорност)
Лично име Харманджиева, Людмила Тодорова
Дати, свързани с автора 1948-2008
Друга информация преводач
9 (RLIN) 241903
700 1# - Други автори (авторска отговорност)
Лично име Рангелова, Таня
Автороска отговорност (Описва отношението между автора и произведението) прев.
9 (RLIN) 364834
852 ## - Местоположение
Форматна сигнатура Цб 190813
856 4# - Електронен адрес и достъп
Електронен формат pdf - файл
Път до файла /url/
856 4# - Електронен адрес и достъп
Електронен формат pdf - файл
Път до файла /url/
942 ## - АРТИКУЛИ
Вид на библиотечния материал Книги
Скрит в OPAC Не
Koha issues (borrowed), all copies 22
944 ## - СЪЗДАВАНЕ И РЕДАКЦИЯ на ЗАПИСА
Създаване/Редакция Създаване
Дата на регистрацията/редакция 15.01.2003
Статус, дата на статуса ф /
Служител, извършил регистрацията/редакцията Виолета_Тройчева
944 ## - СЪЗДАВАНЕ И РЕДАКЦИЯ на ЗАПИСА
Създаване/Редакция Редакция
Дата на регистрацията/редакция 18.02.2011
Статус, дата на статуса ф /
Служител, извършил регистрацията/редакцията
999 ## - СИСТЕМНИ КОНТРОЛНИ НОМЕРА
Koha biblionumber 14416
Koha biblioitemnumber 14416
Наличности
Код за отписване Код за изгубен артикул Източник на класификационната схема Код за повреда Коз за рестрикции Код за отдаване Артикулен № Име на библиотеката - собственик Име на библиотеката, в която се намира в момента Статус (Текущо местоположение) Дата на вписване в системата Местоположение - отдел Цена в лева Инвентарен номер Систематично азбучна сигнатура Баркод Номер на екземпляра Цена в евро Служебна бележка Служебен тип на артикула
  Не е изгубен Universal Decimal Classification Не е повреден без рестрикции ползва се в читалня 24680 Регионална библиотека "Любен Каравелов" Русе Регионална библиотека "Любен Каравелов" Русе Хранилище 2001-01-01 Хранилище 0.49 629368 Цб 190813 120000629368 1 0.25 Дост: Dp Вид: Д N: стар фонд Дата: 01.01.1997 Книги
  Не е изгубен Universal Decimal Classification Не е повреден без рестрикции заемане за дома 24681 Регионална библиотека "Любен Каравелов" Русе Регионална библиотека "Любен Каравелов" Русе Заемна - подръчен фонд 2003-12-22 Заемна - подръчен фонд 8.90 120000681220 П 821-31/Л 93 120000681220 2 4.55 Дост: Pk Вид: Ф N: 8854 Дата: 19.12.2003 Дата инв: 16.02.2018 Бележки инв: П2018 Книги
  Не е изгубен Universal Decimal Classification Не е повреден   заемане за дома 678363 Регионална библиотека "Любен Каравелов" Русе Регионална библиотека "Любен Каравелов" Русе Заемна - подръчен фонд 2018-07-12 Заемна - подръчен фонд 15.00 120000822011 П 820(73)-31/Л 93 120000822011   7.67   Книги
Vip Innovations Ltd, Rousse, Bulgaria 2025